000 01987nam0a2200409 4500
001 RU\NLR\BIBL_A\022608736
005 20260329044314.0
010 _a978-5-00165-958-7
035 _a(NLR Aleph) 022608736
090 _a13643058
_c13643058
100 _a20250825d2025 u y0rusy50 ca
101 0 _arus
102 _aRU
105 _aabс z 001yy
181 0 _ai
_baxxe
182 0 _an
200 1 _aЛитературное путешествие по Выборгской стороне Санкт-Петербурга, XIX – 80-е гг. XX в.
_fТ. М. Гусенцова, И. Н. Добрынина
203 _aТекст
_bвизуальный
_cнепосредственный
210 _aСанкт-Петербург
_cАлетейя
_d2025
215 _a256 с., [4] л. цв. ил., карта, портр.
_cил.
_d22
300 _aВ макете и копирайте: авт.-сост. Т. М. Гусенцова, И. Н. Добрынина
320 _aБиблиогр.: с. 233–244 и в подстроч. примеч.
320 _aУказ. имен: с. 245–254
333 _a16+
606 1 _aЛитературное краеведение
_yСанкт-Петербург, город
_92070630
_3RU\NLR\AUTH\661245356
607 _aСанкт-Петербург, город
_xв литературе русской
_92577787
_3RU\NLR\AUTH\661524049
686 1 _aШ5(2=Р)-38
686 1 _aШ5(2=Р)-34
700 1 _aГусенцова
_bТ. М.
_gТатьяна Матвеевна
701 1 _aДобрынина
_bИ. Н.
_gИрина Николаевна
856 4 _lVNP_SKP
_tVIEW
_uhttps://webservices.nlr.ru/viewer/file?name=a022608736_002.txt
_yАннотация
856 4 1 _lVNP_SKP
_tVIEW
_uhttps://webservices.nlr.ru/viewer/file?name=t022608736_001.jpg
_yОбложка
942 _cBOOK
980 4 _aVNP_SKP
980 _aNB